00548nam a2200181Ia 4500003000900000008004100009020002200050040001600072080001200088100001600100245008700116260002900203300001600232490004900248650001400297650001700311650003800328IN-BaIIA211028s9999 xx 000 0 eng d a978-1-4614-5178-5 cIIA Library a52bCLA aClark, Jane 0aViewing and imaging the solar systemba guide for amateur astronomerscJane Clark  aNew YorkbSpringerc2015 axiii, 256p. aThe Patrick Moore practical astronomy series aAstronomy aSolar system aSolar system - Observers' manuals